CONMEBOL Member Nations by Badge - Statistics

General Stats
  • This quiz has been taken 170 times
  • The average score is 10 of 10
Answer Stats
Picture Answer % Correct
Brazil
98%
Colombia
98%
Peru
98%
Argentina
97%
Uruguay
97%
Bolivia
95%
Paraguay
95%
Chile
94%
Venezuela
94%
Ecuador
92%
No matching quizzes found
Score Distribution
Percent of People with Each Score
Percentile by Number Answered
Your Score History
You have not taken this quiz